| 000 | 01853nam0a2200409 4500 | ||
|---|---|---|---|
| 001 | RU\NLR\bibl\906629 | ||
| 005 | 20260405090917.0 | ||
| 010 |
_a5-9268-0393-4 _bв пер. _93000 |
||
| 021 |
_aRU _b2005-75418 _93719 |
||
| 035 | _a(nilc)RSL-KNO-002774319 | ||
| 035 | _a(NLR Aleph) 000895015 | ||
| 090 |
_a1742140 _c1742140 |
||
| 100 | _a20051117d2005 |||y0rusy50 ca | ||
| 101 | 0 | _arus | |
| 102 | _aRU | ||
| 105 | _ay ||||||||| | ||
| 106 | _ar | ||
| 200 | 1 |
_aРасстройства поведения у подростков : клинико-психологические аспекты _fА. Ю. Егоров, С. А. Игумнов |
|
| 210 |
_aСПб. _cРечь _d2005 _gППП Тип. Наука |
||
| 215 |
_a434, [1] с. _cил. _d24 |
||
| 225 | 1 | _aСовременный учебник | |
| 320 | _aБиблиогр. в конце кн. | ||
| 606 | 1 |
_aПодростки _xПоведение _xРасстройства _91918556 _3RU\NLR\auth\66875089 |
|
| 606 | 1 |
_aПодростки _xОтклоняющееся поведение _91815544 _3RU\NLR\auth\66819501 |
|
| 610 | 0 | _aЗдравоохранение. Медицинские науки -- Педиатрия -- Болезни детей -- Психиатрия -- Расстройства поведения | |
| 686 |
_aР733.64-325,0 _2rubbk |
||
| 686 | _aР64-325 | ||
| 686 | _aЮ983.62 | ||
| 686 | _aС550.325.2 | ||
| 700 | 1 |
_4070 _8rus _7ca _aЕгоров _bА. Ю. _cд-р мед. наук _f1961- _gАлексей Юрьевич _3RU\NLR\AUTH\7732433 _915441 |
|
| 701 | 1 |
_4070 _7ca _8rus _aИгумнов _bС. А. _cд-р мед. наук _gСергей Александрович _918300 _3RU\NLR\auth\7735302 |
|
| 801 | 0 |
_aRU _bRuMoRKP _c20051117 _grcr |
|
| 801 | 1 |
_aRU _bRuMoRGB _c20051117 |
|
| 801 | 2 |
_aRU _bNLR _c20060213 _grcr |
|
| 942 | _cBOOK | ||
| 980 | _aNB | ||